| 000 | 00539nam a2200169 i 4500 | ||
|---|---|---|---|
| 001 | 39980 | ||
| 003 | ES-MaACL | ||
| 005 | 20230906160120.0 | ||
| 007 | t| | ||
| 008 | 030304s1966 sp ||||1| spa d | ||
| 100 | 1 |
_aCarrouges, Michel. _935852 |
|
| 245 | 1 | 3 |
_aEl Padre de Focucauld y el momento actual de las fraternidades / _cMichel Carrouges ; [versión castellana de Pedro Nuñez]. |
| 260 |
_aBarcelona : _bNova Terra, _c1966. |
||
| 300 |
_a195 p. ; _c20 cm. |
||
| 700 | 1 |
_aNuñez, Pedro. _986165 |
|
| 852 |
_aES-MaACL _jC-29110 _bR.59663 |
||
| 999 |
_c39980 _d39980 |
||